Online
Catalog

Cachón una que vino y volvió : (Record no. 16858)

MARC details
000 -CABECERA
campo de control de longitud fija 00652nam a2200193 a 4500
001 - NÚMERO DE CONTROL
campo de control 000017333
005 - FECHA Y HORA DE LA ÚLTIMA TRANSACCIÓN
campo de control 20240530073918.0
008 - DATOS DE LONGITUD FIJA--INFORMACIÓN GENERAL
campo de control de longitud fija 100322s1944 dr 000 f spa d
040 ## - FUENTE DE LA CATALOGACIÓN
Centro catalogador/agencia de origen DO-SdBNP
Lengua de catalogación spa
Centro/agencia transcriptor BNPHU
082 ## - NÚMERO DE LA CLASIFICACIÓN DECIMAL DEWEY
Número de clasificación RD863.42
Número de documento/Ítem M738c
049 ## - FONDOS LOCALES (OCLC)
Fondos de biblioteca BNPD
100 1# - ENTRADA PRINCIPAL--NOMBRE DE PERSONA
Nombre de persona Monclús, Miguel Angel,
Fechas asociadas al nombre 1883-1967
9 (RLIN) 29460
245 10 - MENCIÓN DE TÍTULO
Título Cachón una que vino y volvió :
Resto del título novela dominicana /
Mención de responsabilidad, etc. Miguel Angel Monclús.
260 ## - PUBLICACIÓN, DISTRIBUCIÓN, ETC.
Lugar de publicación, distribución, etc. Ciudad Trujillo, República Dominicana :
Nombre del editor, distribuidor, etc. Imprenta La Opinión,
Fecha de publicación, distribución, etc. 1944.
300 ## - DESCRIPCIÓN FÍSICA
Extensión 163 p. ;
Dimensiones 22 cm.
650 #0 - PUNTO DE ACCESO ADICIONAL DE MATERIA--TÉRMINO DE MATERIA
Término de materia o nombre geográfico como elemento de entrada Novela dominicana
9 (RLIN) 223
650 #0 - PUNTO DE ACCESO ADICIONAL DE MATERIA--TÉRMINO DE MATERIA
Término de materia o nombre geográfico como elemento de entrada Literatura dominicana.
9 (RLIN) 67
910 ## - DATOS DE OPCIÓN DEL USUARIO (OCLC)
Datos de opción del usuario Validado. Control de calidad EMS
Holdings
Estado de retiro Estado de pérdida Restricciones de uso No para préstamo Código de colección Localización permanente Ubicación/localización actual Ubicación en estantería Fecha de adquisición Número de inventario Total de préstamos Signatura topográfica completa Código de barras Fecha visto por última vez Número de copia Precio válido a partir de Tipo de ítem Koha Nota pública
  Extraviado     Raros y valiosos General General Extraviado 11.07.2011 LF1   RD863.42 M738c 17333-40 25.06.2020 e.4 25.06.2020 Préstamo en sala Dedicado por el autor.
      Excluido de préstamo Raros y valiosos Patrimonio Dominicano Patrimonio Dominicano Depósito 22.03.2010 LF1   RD863.42 M738c 17333-10 25.06.2020   25.06.2020 No se presta Perteneció a la biblioteca personal de Martínez Boog.
      Excluido de préstamo Raros y valiosos Patrimonio Dominicano Patrimonio Dominicano Depósito 03.05.2011 LF1   RD863.42 M738c 17333-20 25.06.2020 e.2 25.06.2020 No se presta Dedicado.
      Excluido de préstamo Raros y valiosos Patrimonio Dominicano Patrimonio Dominicano Depósito 04.05.2011 LF1   RD863.42 M738c 17333-30 25.06.2020 e.3 25.06.2020 No se presta Autografiado por el autor, dedicado a Pelayo

Powered by Koha